Ульвошпинель из титаномагнетито-ильменитовых руд лысанских месторождений (Восточные Саяны); Материалы по минералогии, петрографии и полезным ископаемым Западной Сибири

Bibliografiske detaljer
Parent link:Материалы по минералогии, петрографии и полезным ископаемым Западной Сибири.— 1962.— С. 20-25
Hovedforfatter: Глазунов О. М.
Andre forfattere: Кузьмин А. М. Алексей Михайлович
Sprog:russisk
Udgivet: 1962
Fag:
Format: MixedMaterials Book Chapter
KOHA link:https://koha.lib.tpu.ru/cgi-bin/koha/opac-detail.pl?biblionumber=162307

MARC

LEADER 00000naa2a2200000 4500
001 162307
005 20231031160327.0
035 |a (RuTPU)RU\TPU\book\176019 
035 |a RU\TPU\tpu\2104 
090 |a 162307 
100 |a 20090619d1962 k y0rusy50 ca 
101 0 |a rus 
102 |a RU 
200 1 |a Ульвошпинель из титаномагнетито-ильменитовых руд лысанских месторождений (Восточные Саяны)  |f О. М. Глазунов, А. М. Кузьмин 
320 |a Библиогр.: с. 25 (12 назв.) 
463 0 |0 (RuTPU)RU\TPU\book\169849  |t Материалы по минералогии, петрографии и полезным ископаемым Западной Сибири  |f Московское общество испытателей природы (МОИП), Томское отделение ; под ред. И. К. Баженов ; под ред. И. К. Баженова  |v С. 20-25  |d 1962  |p 180 с. 
610 1 |a геолого-географические науки 
610 1 |a труды учёных ТПУ 
700 1 |a Глазунов  |b О. М. 
701 1 |a Кузьмин  |b А. М.  |c российский геолог  |c профессор Томского политехнического института  |f 1891-1980  |g Алексей Михайлович  |2 stltpush  |3 (RuTPU)RU\TPU\pers\13901 
801 0 |a RU  |b 63413507  |c 20011210  |g PSBO 
801 2 |a RU  |b 63413507  |c 20121224  |g PSBO 
942 |c BK